[Event "WC-2018-P-00007"]
[Site "LSS email"]
[Date "2018.01.22"]
[Round "?"]
[White "Rodrigues, Antonio"]
[Black "Davydov, Andrej"]
[Result "1/2-1/2"]
[WhiteElo "2290"]
[BlackElo "2222"]
[PlyCount "86"]
[EventDate "2018.02.01"]
[EventType "tourn (corr)"]
[EventRounds "12"]
[EventCountry "GER"]
[SourceTitle "Corr 2022"]
[Source "ChessBase"]
[SourceDate "2021.10.24"]
[SourceVersion "1"]
[SourceVersionDate "2021.10.24"]
[SourceQuality "1"]

1. d4 d5 2. c4 c6 3. Nf3 Nf6 4. Qb3 dxc4 5. Qxc4 Bg4 6. Nc3 Nbd7 7. e4 Bxf3 8. gxf3 e5 9. dxe5 Nxe5 10. Qe2 Bb4 11. f4 Ng6 12. f5 Ne5 13. Bd2 Qe7 14. f4 Ned7 15. Bg2 0-0-0 16. e5 Rhe8 17. 0-0-0 Nb6 18. Kb1 Bxc3 19. Bxc3 Nfd5 20. Bd2 Qc5 21. Be4 Nb4 22. Rhg1 Nc4 23. Bc1 Rxd1 24. Rxd1 Rd8 25. Rxd8+ Kxd8 26. b3 Nb6 27. Be3 Qa5 28. Qd2+ N6d5 29. Bxd5 Qxd5 30. Qxb4 Qd3+ 31. Kb2 Qxe3 32. Qd6+ Kc8 33. e6 Qe2+ 34. Ka3 Qa6+ 35. Kb4 Qb5+ 36. Kc3 Qa5+ 37. Kc4 fxe6 38. Qxe6+ Kc7 39. Qe5+ Qxe5 40. fxe5 Kd7 41. b4 g5 42. Kd4 h5 43. Ke4 a6 1/2-1/2

[Event "WC-2017-Q-00007"]
[Site "LSS email"]
[Date "2017.08.22"]
[Round "?"]
[White "Aberbach Peltzman, Angel Sergio"]
[Black "Rodrigues, Antonio"]
[Result "1-0"]
[WhiteElo "2261"]
[BlackElo "2280"]
[PlyCount "81"]
[EventDate "2017.09.01"]
[EventType "tourn (corr)"]
[EventRounds "12"]
[EventCountry "GER"]
[SourceTitle "Corr 2022"]
[Source "ChessBase"]
[SourceDate "2021.10.24"]
[SourceVersion "1"]
[SourceVersionDate "2021.10.24"]
[SourceQuality "1"]

1. e4 c6 2. d4 d5 3. e5 Bf5 4. Nf3 e6 5. Be2 c5 6. Be3 cxd4 7. Nxd4 Ne7 8. 0-0 Nbc6 9. Bb5 Rc8 10. Nd2 a6 11. Bxc6+ bxc6 12. b4 a5 13. a3 Qc7 14. Re1 Bg6 15. N2b3 a4 16. Nc5 h6 17. c3 Nf5 18. Nxf5 Bxf5 19. Nxa4 Qxe5 20. Nb6 Rd8 21. Bg5 Qxe1+ 22. Qxe1 hxg5 23. Qe3 Bd6 24. h3 f6 25. a4 Kf7 26. a5 Bf4 27. Qe2 d4 28. cxd4 Rxd4 29. a6 Rxb4 30. Nc4 Rd8 31. g3 Bd3 32. Qh5+ Bg6 33. Qf3 Rxc4 34. gxf4 Rxf4 35. Qb3 c5 36. Qb7+ Kg8 37. a7 Be4 38. Qe7 Ra8 39. Qxe6+ Kh7 40. Ra4 Bf5 41. Qc6 1-0

[Event "WC-2017-Q-00007"]
[Site "LSS email"]
[Date "2017.08.22"]
[Round "?"]
[White "Konstantinov, Maxim"]
[Black "Rodrigues, Antonio"]
[Result "1-0"]
[WhiteElo "2442"]
[BlackElo "2280"]
[PlyCount "97"]
[EventDate "2017.09.01"]
[EventType "tourn (corr)"]
[EventRounds "12"]
[EventCountry "GER"]
[SourceTitle "Corr 2022"]
[Source "ChessBase"]
[SourceDate "2021.10.24"]
[SourceVersion "1"]
[SourceVersionDate "2021.10.24"]
[SourceQuality "1"]

1. e4 c6 2. Nc3 d5 3. Nf3 Bg4 4. h3 Bxf3 5. Qxf3 e6 6. Be2 Nf6 7. 0-0 d4 8. Nb1 Nbd7 9. d3 Bd6 10. g3 e5 11. Qg2 h6 12. Nd2 0-0 13. f4 Bc7 14. f5 Bd6 15. Nf3 Qb6 16. Kh1 Kh7 17. g4 Rh8 18. a4 a5 19. c3 c5 20. Nd2 Be7 21. Bd1 Kg8 22. Bb3 Ne8 23. Bd5 Nd6 24. Nf3 Re8 25. Rg1 Bf6 26. Bd2 Qa6 27. cxd4 cxd4 28. Rad1 Nc5 29. g5 hxg5 30. Bxg5 Kf8 31. Bxf6 gxf6 32. Nxe5 Ke7 33. Nxf7 Rh7 34. Nxd6 Qxd6 35. Rgf1 Kd8 36. Rf3 Reh8 37. Rc1 Nxa4 38. Kg1 Rc7 39. Rxc7 Qxc7 40. Qg6 Qc1+ 41. Kg2 Qh6 42. Qg3 Nc5 43. Qe1 b6 44. Rg3 Rh7 45. b4 axb4 46. Qxb4 Ke8 47. Bc6+ Kf7 48. Qc4+ Ke7 49. Qxd4 1-0

[Event "WC-2017-S-00004"]
[Site "LSS email"]
[Date "2017.05.17"]
[Round "?"]
[White "Markus, Roland"]
[Black "Rodrigues, Antonio"]
[Result "1/2-1/2"]
[WhiteElo "2332"]
[BlackElo "2272"]
[PlyCount "112"]
[EventDate "2017.06.01"]
[EventType "tourn (corr)"]
[EventRounds "12"]
[EventCountry "GER"]
[SourceTitle "Corr 2024"]
[Source "ChessBase"]
[SourceDate "2023.10.19"]
[SourceVersion "1"]
[SourceVersionDate "2023.10.19"]
[SourceQuality "1"]

1. Nf3 c5 2. e4 d6 3. d4 cxd4 4. Nxd4 Nf6 5. Nc3 a6 6. f3 e5 7. Nb3 Be6 8. Be3 h5 9. Nd5 Bxd5 10. exd5 g6 11. Qd2 Bg7 12. 0-0-0 Nbd7 13. Kb1 b5 14. Na5 Nb6 15. h4 Rc8 16. Nc6 Qc7 17. Bxb6 Qxb6 18. c4 bxc4 19. Bxc4 Ra8 20. Rhe1 Bh6 21. Qc3 0-0 22. g3 Rfe8 23. Qc2 Bg7 24. Rd2 Qb7 25. a4 Bh6 26. Rg2 Qd7 27. b4 Bg7 28. Ka2 Kh8 29. Kb3 Qh3 30. Rgg1 Bh6 31. Ka2 Kg7 32. Bb3 Rec8 33. Re2 Kf8 34. Bc4 Bg7 35. Qd3 Rc7 36. Ka3 Kg8 37. Bxa6 Rxa6 38. Qxa6 Nxd5 39. Rd2 Qd7 40. Rc2 Ne3 41. Rcc1 Qf5 42. Qe2 Bh6 43. g4 hxg4 44. fxg4 Nxg4 45. Rcf1 Qd7 46. b5 Ne3 47. Rc1 Qh3 48. Rc3 d5 49. Rb3 Nc4+ 50. Qxc4 Bf8+ 51. Ka2 Qh2+ 52. Rb2 Qxg1 53. Qc2 d4 54. h5 g5 55. a5 Qg4 56. Qc4 Qf3 1/2-1/2

[Event "WC-2017-S-00004"]
[Site "LSS email"]
[Date "2017.05.17"]
[Round "?"]
[White "Rodrigues, Antonio"]
[Black "Khanas, VLerij"]
[Result "1/2-1/2"]
[WhiteElo "2272"]
[BlackElo "2315"]
[PlyCount "56"]
[EventDate "2017.06.01"]
[EventType "tourn (corr)"]
[EventRounds "12"]
[EventCountry "GER"]
[SourceTitle "Corr 2024"]
[Source "ChessBase"]
[SourceDate "2023.10.19"]
[SourceVersion "1"]
[SourceVersionDate "2023.10.19"]
[SourceQuality "1"]

1. d4 Nf6 2. c4 g6 3. Nc3 d5 4. cxd5 Nxd5 5. e4 Nxc3 6. bxc3 Bg7 7. Nf3 c5 8. Rb1 0-0 9. Be2 cxd4 10. cxd4 Qa5+ 11. Bd2 Qxa2 12. 0-0 Bg4 13. Bg5 h6 14. Be3 Nc6 15. d5 Ne5 16. Rxb7 a5 17. Rxe7 a4 18. Bd4 Nxf3+ 19. Bxf3 Bxd4 20. Qxd4 Bxf3 21. gxf3 a3 22. d6 Qb2 23. Qxb2 axb2 24. Rc7 Rfd8 25. d7 Ra1 26. Rb7 Rxd7 27. Rxb2 Ra3 28. Kg2 Rdd3 1/2-1/2

[Event "SA-2016-0-00535"]
[Site "LSS email"]
[Date "2016.08.31"]
[Round "?"]
[White "Rodrigues, Antonio"]
[Black "Eichner, Dieter"]
[Result "1-0"]
[WhiteElo "2248"]
[BlackElo "2069"]
[PlyCount "109"]
[EventDate "2016.08.11"]
[EventType "tourn (corr)"]
[EventRounds "6"]
[EventCountry "GER"]
[SourceTitle "Corr 2022"]
[Source "ChessBase"]
[SourceDate "2021.10.24"]
[SourceVersion "1"]
[SourceVersionDate "2021.10.24"]
[SourceQuality "1"]

1. d4 d5 2. c4 e6 3. Nf3 c6 4. Nbd2 Nf6 5. e3 b6 6. Bd3 Be7 7. 0-0 0-0 8. b3 Nbd7 9. Bb2 c5 10. Qe2 cxd4 11. cxd5 Nxd5 12. Nxd4 Bb7 13. Qh5 N7f6 14. Qh3 Nb4 15. Be2 Nc2 16. Rad1 Nxd4 17. Bxd4 Qc8 18. Nc4 Qc7 19. Be5 Qc5 20. Qg3 Bd5 21. Bd4 Qc6 22. Ne5 Qe8 23. Nd3 Be4 24. f3 Bg6 25. Ne5 Bd6 26. Qe1 Qe7 27. e4 Bxe5 28. Bxe5 Rfd8 29. Rc1 Rac8 30. Rxc8 Rxc8 31. Qd2 Ne8 32. Rd1 f6 33. Bc3 Qc5+ 34. Bd4 Qe7 35. Bf2 e5 36. Be1 Bf7 37. Qd7 Qxd7 38. Rxd7 Nc7 39. Bb4 h6 40. h4 Be6 41. Rd2 Ne8 42. Kf2 g5 43. h5 Kf7 44. Ba3 Rc3 45. g3 a5 46. g4 Nc7 47. Ke1 b5 48. Rd8 b4 49. Kd2 Rc5 50. Bb2 Kg7 51. Rd6 Bf7 52. Bd3 Be8 53. Bc4 Rc6 54. Rd8 Rb6 55. Bc1 1-0

[Event "BI-2016-F-0000"]
[Site "LSS email"]
[Date "2016.02.14"]
[Round "?"]
[White "Permykov, Andrey"]
[Black "Rodrigues, Antonio"]
[Result "1/2-1/2"]
[WhiteElo "2294"]
[BlackElo "2249"]
[PlyCount "72"]
[EventDate "2016.02.20"]
[EventType "tourn (corr)"]
[EventRounds "10"]
[EventCountry "GER"]
[SourceTitle "Corr 2022"]
[Source "ChessBase"]
[SourceDate "2021.10.24"]
[SourceVersion "1"]
[SourceVersionDate "2021.10.24"]
[SourceQuality "1"]

1. e4 c5 2. Nf3 d6 3. d4 cxd4 4. Nxd4 Nf6 5. Nc3 a6 6. h3 e6 7. g4 Nc6 8. Be3 h6 9. Qd2 Nxd4 10. Bxd4 b5 11. f3 Be7 12. 0-0-0 b4 13. Na4 Rb8 14. b3 Bd7 15. Nb2 Bc6 16. Qh2 d5 17. Kb1 Bd6 18. Qe2 Be7 19. Rg1 Qc7 20. exd5 Bxd5 21. Be5 Qb7 22. Bxb8 Qxb8 23. Qf2 0-0 24. Bc4 Qb7 25. Rgf1 Bxc4 26. bxc4 Nd7 27. h4 Nc5 28. Qe3 a5 29. g5 h5 30. Rfe1 g6 31. Rd2 Qc7 32. Nd3 Nxd3 33. Rxd3 Rc8 34. Qd4 a4 35. Re4 Qh2 36. Qe3 Bf8 1/2-1/2

[Event "BI-2016-F-0000"]
[Site "LSS email"]
[Date "2016.02.14"]
[Round "?"]
[White "Rodrigues, Antonio"]
[Black "Kuhne, Detlev"]
[Result "1/2-1/2"]
[WhiteElo "2249"]
[BlackElo "2432"]
[PlyCount "53"]
[EventDate "2016.02.20"]
[EventType "tourn (corr)"]
[EventRounds "10"]
[EventCountry "GER"]
[SourceTitle "Corr 2022"]
[Source "ChessBase"]
[SourceDate "2021.10.24"]
[SourceVersion "1"]
[SourceVersionDate "2021.10.24"]
[SourceQuality "1"]

1. d4 Nf6 2. c4 e6 3. Nf3 b6 4. a3 Bb7 5. Nc3 d5 6. Bf4 Bd6 7. Bg3 0-0 8. e3 Nbd7 9. cxd5 Nxd5 10. Nxd5 Bxd5 11. Bxd6 cxd6 12. Bd3 Rc8 13. 0-0 Bb7 14. Nd2 e5 15. Qa4 exd4 16. Qxd4 Nc5 17. Rfc1 Nxd3 18. Rxc8 Qxc8 19. Qxd3 h5 20. Nb3 Qg4 21. Qf1 h4 22. h3 Qg5 23. Nd4 Rc8 24. Rd1 Rc5 25. Kh2 a5 26. Qg1 a4 27. Ra1 1/2-1/2

[Event "BI-2016-F-0000"]
[Site "LSS email"]
[Date "2016.02.14"]
[Round "?"]
[White "Rodrigues, Antonio"]
[Black "Mauer, Klaus"]
[Result "1/2-1/2"]
[WhiteElo "2249"]
[BlackElo "1905"]
[PlyCount "98"]
[EventDate "2016.02.20"]
[EventType "tourn (corr)"]
[EventRounds "10"]
[EventCountry "GER"]
[SourceTitle "Corr 2022"]
[Source "ChessBase"]
[SourceDate "2021.10.24"]
[SourceVersion "1"]
[SourceVersionDate "2021.10.24"]
[SourceQuality "1"]

1. d4 Nf6 2. c4 e6 3. Nf3 c5 4. d5 b5 5. e4 Nxe4 6. Bd3 Nf6 7. 0-0 bxc4 8. Bxc4 Ba6 9. Bxa6 Nxa6 10. Nc3 Qc8 11. Bg5 Be7 12. dxe6 fxe6 13. Ne5 Qb7 14. Bxf6 Bxf6 15. Ne4 0-0 16. Qxd7 Qd5 17. Nxf6+ gxf6 18. Qa4 Nb4 19. Ng4 Qd4 20. Ne3 Nd3 21. Qc6 Qe5 22. Ng4 Qd5 23. Qxd5 exd5 24. Rad1 c4 25. Ne3 Rfd8 26. Rd2 Rac8 27. g3 Kf7 28. Rfd1 d4 29. Nxc4 Nxf2 30. Kxf2 Rxc4 31. Ke2 Re8+ 32. Kf3 Ra4 33. a3 Rb8 34. Rc2 h5 35. Rd3 Rb5 36. Ke2 Ke6 37. Rcd2 Rc4 38. Kd1 a5 39. Re2+ Re5 40. b3 Rc1+ 41. Kxc1 Rxe2 42. Rxd4 Rxh2 43. Re4+ Kf5 44. Rh4 Rxh4 45. gxh4 Ke4 46. Kd2 f5 47. b4 axb4 48. axb4 Kd4 49. b5 Kc5 1/2-1/2

[Event "WC-2016-P-00009"]
[Site "LSS email"]
[Date "2016.01.22"]
[Round "?"]
[White "Buczinski, Henryk"]
[Black "Rodrigues, Antonio"]
[Result "0-1"]
[WhiteElo "2129"]
[BlackElo "2247"]
[PlyCount "120"]
[EventDate "2016.01.28"]
[EventType "tourn (corr)"]
[EventRounds "12"]
[EventCountry "GER"]
[SourceTitle "Corr 2022"]
[Source "ChessBase"]
[SourceDate "2021.10.24"]
[SourceVersion "1"]
[SourceVersionDate "2021.10.24"]
[SourceQuality "1"]

1. d4 Nf6 2. c4 e6 3. Nf3 b6 4. a3 Ba6 5. Qc2 Bb7 6. Nc3 c5 7. e3 cxd4 8. exd4 Be7 9. Bd3 Bxf3 10. gxf3 Nc6 11. Be3 Rc8 12. 0-0 0-0 13. Rfd1 Na5 14. d5 Bd6 15. Bg5 h6 16. Bh4 Be5 17. dxe6 fxe6 18. Bg3 Bxg3 19. hxg3 Nxc4 20. Qe2 Nd6 21. Rac1 Rc5 22. b4 Rc6 23. Nb5 Rxc1 24. Rxc1 Nxb5 25. Bxb5 Qa8 26. Kg2 Qb7 27. Bd3 Kf7 28. Rc3 g5 29. Ba6 Qd5 30. Bc4 Qd6 31. Bb3 Qb8 32. Rd3 Qc7 33. Qe3 Rc8 34. Rd2 Ke7 35. Rd3 Qc1 36. Qd4 Qb1 37. Ba4 Rc1 38. Rd1 Rxd1 39. Bxd1 Qc1 40. Qd3 h5 41. Qg6 Qxd1 42. Qg7+ Kd6 43. Qxf6 Qd5 44. Kg1 Kc6 45. Qh8 Kb5 46. Qxh5 Ka4 47. Qe8 b5 48. Qd8 Kxa3 49. Qa5+ Kb3 50. Qxa7 Kxb4 51. Qe3 Ka4 52. Qa7+ Kb3 53. Qe3+ Kb2 54. Qe2+ Kc1 55. Qe3+ Kd1 56. Qb6 Kc2 57. Qc7+ Kb1 58. f4 gxf4 59. Qxf4 Qc4 60. Qd2 b4 0-1

[Event "WC-2016-P-00009"]
[Site "LSS email"]
[Date "2016.01.22"]
[Round "?"]
[White "Koch, Christian"]
[Black "Rodrigues, Antonio"]
[Result "1/2-1/2"]
[WhiteElo "2284"]
[BlackElo "2247"]
[PlyCount "69"]
[EventDate "2016.01.28"]
[EventType "tourn (corr)"]
[EventRounds "12"]
[EventCountry "GER"]
[SourceTitle "Corr 2022"]
[Source "ChessBase"]
[SourceDate "2021.10.24"]
[SourceVersion "1"]
[SourceVersionDate "2021.10.24"]
[SourceQuality "1"]

1. e4 c5 2. Nf3 d6 3. d4 cxd4 4. Nxd4 Nf6 5. Nc3 a6 6. Be3 Ng4 7. Bg5 h6 8. Bh4 g5 9. Bg3 Bg7 10. h3 Nf6 11. Qf3 Qb6 12. 0-0-0 Nc6 13. Nxc6 Qxc6 14. Be2 Qc5 15. Rhe1 Be6 16. e5 dxe5 17. Qxb7 0-0 18. Bf3 e4 19. Nxe4 Nxe4 20. Rxe4 Rac8 21. Rd2 Bxa2 22. Qb4 Bc4 23. Qxc5 Rxc5 24. c3 Bf6 25. b4 Rcc8 26. Kb2 Kg7 27. Be5 Bxe5 28. Rxe5 Kf6 29. Ra5 Rfd8 30. Rc2 Rd7 31. Be2 Bxe2 32. Rxe2 Rc6 33. Kc2 Rdc7 34. Re3 e6 35. Kb3 1/2-1/2

[Event "WC-2016-P-00009"]
[Site "LSS email"]
[Date "2016.01.22"]
[Round "?"]
[White "Rodrigues, Antonio"]
[Black "Buczinski, Henryk"]
[Result "1-0"]
[WhiteElo "2247"]
[BlackElo "2129"]
[PlyCount "69"]
[EventDate "2016.01.28"]
[EventType "tourn (corr)"]
[EventRounds "12"]
[EventCountry "GER"]
[SourceTitle "Corr 2022"]
[Source "ChessBase"]
[SourceDate "2021.10.24"]
[SourceVersion "1"]
[SourceVersionDate "2021.10.24"]
[SourceQuality "1"]

1. d4 d5 2. c4 c6 3. Nf3 Nf6 4. e3 Bf5 5. Nc3 e6 6. Nh4 Bg6 7. Nxg6 hxg6 8. Be2 Nbd7 9. Qb3 Rb8 10. Bd2 Bd6 11. h3 a6 12. c5 Bc7 13. Qc2 e5 14. 0-0-0 exd4 15. exd4 0-0 16. h4 b6 17. cxb6 Bxb6 18. Bg5 Ba5 19. h5 Bxc3 20. Qxc3 Re8 21. Bd3 gxh5 22. Bh7+ Kh8 23. Bf5 Qb6 24. Bxd7 Nxd7 25. b3 g6 26. g4 Qb4 27. Qf3 Kg8 28. gxh5 Qf8 29. Qh3 Qg7 30. Qxd7 f6 31. Qxg7+ Kxg7 32. Bf4 Rbc8 33. Rdg1 g5 34. Bd2 Rg8 35. f4 1-0

[Event "SM-2015-0-00340"]
[Site "LSS email"]
[Date "2015.11.05"]
[Round "?"]
[White "Rodrigues, Antonio"]
[Black "Broniek, Mariusz Maciej"]
[Result "1/2-1/2"]
[WhiteElo "2249"]
[BlackElo "2367"]
[PlyCount "81"]
[EventDate "2015.09.27"]
[EventType "tourn (corr)"]
[EventRounds "6"]
[EventCountry "GER"]
[SourceTitle "Corr 2022"]
[Source "ChessBase"]
[SourceDate "2021.10.24"]
[SourceVersion "1"]
[SourceVersionDate "2021.10.24"]
[SourceQuality "1"]

1. d4 d5 2. c4 c6 3. Nf3 Nf6 4. e3 e6 5. Bd3 dxc4 6. Bxc4 Nbd7 7. 0-0 Bd6 8. Nc3 0-0 9. Qc2 b5 10. Bd3 Bb7 11. Rd1 b4 12. Ne4 Nxe4 13. Bxe4 Nf6 14. Nd2 Qc7 15. h3 Rac8 16. b3 Nxe4 17. Nxe4 c5 18. Nxd6 Qxd6 19. dxc5 Qe7 20. e4 Rxc5 21. Qe2 Rfc8 22. Be3 Rc2 23. Qg4 a5 24. Rac1 Rxc1 25. Bxc1 Qf6 26. Be3 h6 27. Rd7 Bc6 28. Ra7 a4 29. bxa4 Qa1+ 30. Kh2 Qe5+ 31. Bf4 Qxe4 32. Bd6 g5 33. a5 Qxg4 34. hxg4 Bd5 35. f3 Rc2 36. Kh3 Kg7 37. Bxb4 Rxa2 38. Bc3+ Kg6 39. Rc7 Ra3 40. Rc8 f6 41. Rc7 1/2-1/2

[Event "SM-2015-0-00340"]
[Site "LSS email"]
[Date "2015.11.04"]
[Round "?"]
[White "Simal Moreira, Leonardo"]
[Black "Rodrigues, Antonio"]
[Result "1/2-1/2"]
[WhiteElo "2354"]
[BlackElo "2249"]
[PlyCount "69"]
[EventDate "2015.09.27"]
[EventType "tourn (corr)"]
[EventRounds "6"]
[EventCountry "GER"]
[SourceTitle "Corr 2022"]
[Source "ChessBase"]
[SourceDate "2021.10.24"]
[SourceVersion "1"]
[SourceVersionDate "2021.10.24"]
[SourceQuality "1"]

1. d4 Nf6 2. c4 e6 3. Nf3 b6 4. a3 Bb7 5. Nc3 g6 6. Qc2 d5 7. cxd5 exd5 8. Bf4 a6 9. e3 Bg7 10. Be2 Nbd7 11. 0-0 0-0 12. b4 Qe7 13. h3 Rfc8 14. Rfc1 Ne4 15. Nxe4 dxe4 16. Nd2 c5 17. bxc5 bxc5 18. Qb3 Bc6 19. d5 Bb5 20. d6 Qe8 21. Bxb5 axb5 22. Rab1 Ra5 23. Qd5 Rxa3 24. Rxb5 Rd3 25. Qa2 Ra8 26. Ra5 Rxa5 27. Qxa5 h6 28. h4 Bf6 29. Nc4 Bxh4 30. Bxh6 Kh7 31. Bf4 Qe6 32. Qa8 Bf6 33. Bg3 Bc3 34. Qa4 Nf6 35. Rb1 1/2-1/2

[Event "SA-2015-0-00492"]
[Site "LSS email"]
[Date "2015.10.21"]
[Round "?"]
[White "Jerkovic, Leonardo"]
[Black "Rodrigues, Antonio"]
[Result "0-1"]
[WhiteElo "2061"]
[BlackElo "2255"]
[PlyCount "68"]
[EventDate "2015.09.18"]
[EventType "tourn (corr)"]
[EventRounds "6"]
[EventCountry "GER"]
[SourceTitle "Corr 2022"]
[Source "ChessBase"]
[SourceDate "2021.10.24"]
[SourceVersion "1"]
[SourceVersionDate "2021.10.24"]
[SourceQuality "1"]

1. e4 c5 2. Nf3 d6 3. d4 cxd4 4. Nxd4 Nf6 5. Nc3 Bd7 6. Bg5 e6 7. Ndb5 Bc6 8. Bxf6 gxf6 9. Qh5 a6 10. Nd4 Qb6 11. 0-0-0 Qc5 12. Qe2 Bd7 13. f4 Nc6 14. Nb3 Qa7 15. Kb1 b5 16. a3 Be7 17. Qh5 Rc8 18. Be2 b4 19. axb4 Nxb4 20. Rd4 Qb7 21. Rhd1 Qb6 22. g3 Rb8 23. Bc4 Rf8 24. R4d2 Rc8 25. Qe2 Qc6 26. Rd4 Rb8 27. Nc1 Rg8 28. Bb3 Qb6 29. e5 fxe5 30. fxe5 d5 31. Qh5 Rf8 32. Rf4 Nc6 33. Rdf1 Nd8 34. Qxh7 Bb4 0-1

[Event "CP-2015-P-00023"]
[Site "LSS email"]
[Date "2015.09.28"]
[Round "?"]
[White "Rodrigues, Antonio"]
[Black "Masek, Lubos"]
[Result "1-0"]
[WhiteElo "2255"]
[BlackElo "1019"]
[PlyCount "25"]
[EventDate "2015.10.01"]
[EventType "tourn (corr)"]
[EventRounds "6"]
[EventCountry "GER"]
[SourceTitle "Corr 2022"]
[Source "ChessBase"]
[SourceDate "2021.10.24"]
[SourceVersion "1"]
[SourceVersionDate "2021.10.24"]
[SourceQuality "1"]

1. d4 d5 2. c4 e6 3. Nf3 h6 4. Nc3 Nf6 5. Bf4 a6 6. e3 dxc4 7. Bxc4 b5 8. Be2 Bb7 9. Ne5 c5 10. Bf3 Nd5 11. 0-0 Nxc3 12. bxc3 Qb6 13. d5 1-0